Assessment of environmental impacts associated with phosphogypsum in Florida /

Bibliographic Details
Main Author: May, Alexander
Corporate Author: United States. Bureau of Mines
Other Authors: Sweeney, John W.
Format: Government Document Book
Language:English
Published: Pgh. [i.e. Pittsburgh], Pa. : U.S. Dept. of the Interior, Bureau of Mines, 1982.
Series:Report of investigations (United States. Bureau of Mines) ; 8639.
Subjects:

MARC

Tag First Indicator Second Indicator Subfields
LEADER 00000cam a22000008a 4500
001 in00000831908
005 20151018125545.0
008 811130s1982 pauab b f00010 eng d
010 |a gp 82026342  
010 |a  81607795  
035 |a (OCoLC)08033620 
035 |9 ADY1235AM 
039 0 |a 2  |b 3  |c 3  |d 3  |e 3 
040 |a DLC  |c DLC  |d GPO  |d UtOrBLW 
043 |a n-us-fl 
050 0 |a TN23  |b .U43 
074 |a 637-A 
082 0 |a 622 s  |a 622/.8  |2 19 
086 0 |a I 28.23:8639 
100 1 |a May, Alexander. 
245 1 0 |a Assessment of environmental impacts associated with phosphogypsum in Florida /  |c by Alexander May and John W. Sweeney. 
264 1 |a Pgh. [i.e. Pittsburgh], Pa. :  |b U.S. Dept. of the Interior, Bureau of Mines,  |c 1982. 
300 |a 19 pages :  |b illustrations, 1 map ;  |c 28 cm. 
336 |a text  |b txt  |2 rdacontent 
337 |a unmediated  |b n  |2 rdamedia 
338 |a volume  |b nc  |2 rdacarrier 
490 1 |a Report of investigations ; 8639 
504 |a Bibliography: page 19. 
650 0 |a Phosphogypsum  |x Environmental aspects  |z Flordia. 
700 1 |a Sweeney, John W. 
710 1 |a United States.  |b Bureau of Mines. 
830 0 |a Report of investigations (United States. Bureau of Mines) ;  |v 8639. 
999 |a MARS 
999 f f |s 022457cd-b591-3cfe-9123-7361f407a022  |i 5bd14e93-ba6d-320a-9c69-0504eafbb79d  |t 0 
952 f f |p normal  |a Texas A&M University  |b College Station  |c Sterling C. Evans Library  |d Evans: US Documents (Annex 5th floor)  |t 0  |e I 28.23:8622-8640  |h Superintendent of Documents classification  |i unmediated -- volume  |k 8622-8640  |m A14838426774 
952 f f |a Texas A&M University  |b College Station  |c Sterling C. Evans Library  |d Evans: US Documents (Annex 5th floor)  |t 0  |e I 28.23:8622-8640  |h Superintendent of Documents classification 
998 f f |a I 28.23:8622-8640  |t 0  |l Evans: US Documents (Annex 5th floor)